000 00400nam a2200169Ia 4500
008 230524s9999 xx 000 0 und d
020 _a9780099579922
082 _bJAM
100 _aE L James
_941782
245 0 _aFifty Shades Darker
250 _a1
260 _aLondon
_bArrow Books
_c2012
300 _a532p;
500 _aQuantity Number: 1
650 _aMisalliance
_941783
942 _cBK
999 _c56214
_d56214